[Event "Mitropa Cup"]
[Site "Charleville (Frankreich)"]
[Date "2000.11.28"]
[Round "4.1"]
[White "Balinov, Ilija"]
[Black "Kozul, Zdenko"]
[Result "1-0"]
[WhiteElo "2453"]
[BlackElo "2611"]
[Annotator "AUTRICHE-CROATIE"]
[PlyCount "125"]
[EventDate "2000.11.28"]

1. e4 c5 2. Nf3 d6 3. d4 cxd4 4. Nxd4 Nf6 5. Nc3 Nc6 6. Bg5 e6 7. Qd2 a6 8.
O-O-O Bd7 9. f4 b5 10. Bxf6 gxf6 11. Kb1 Qb6 12. Nce2 h5 13. Nxc6 Bxc6 14. f5
e5 15. Nc3 Rc8 16. Nd5 Bxd5 17. Qxd5 h4 18. a4 bxa4 19. Bc4 Rh7 20. Rd3 Rb8 21.
b3 Rc8 22. Rhd1 Rg7 23. R1d2 Be7 24. Rh3 axb3 25. Rxb3 Qc5 26. Bxa6 Qxd5 27.
Rxd5 Ra8 28. Bb7 Rd8 29. Rd2 Kf8 30. Bd5 Rc8 31. Rb7 Bd8 32. Rd3 Rc7 33. Rb8
Ke7 34. Rd2 Rc5 35. c4 Rg4 36. Ra2 Ba5 37. Rb7+ Bc7 38. Kc1 Rg7 39. Kd1 Rg8 40.
Raa7 Rc8 41. Ke2 Ke8 42. Kf3 Bd8 43. Bxf7+ Kf8 44. Bd5 R5c7 45. Kg4 Rxb7 46.
Rxb7 Rc7 47. Rb8 Rg7+ 48. Kxh4 Ke7 49. g4 Ba5 50. Kg3 Bd2 51. h3 Bh6 52. Be6
Be3 53. Kf3 Ba7 54. Rc8 Bb6 55. Rh8 d5 56. exd5 Kd6 57. Rc8 Rc7 58. Rxc7 Bxc7
59. h4 Bd8 60. h5 Be7 61. h6 Bf8 62. h7 Bg7 63. Ke4 1-0

[Event "Mitropa Cup"]
[Site "Charleville (Frankreich)"]
[Date "2000.11.28"]
[Round "4.2"]
[White "Cvitan, Ognjen"]
[Black "Pilaj, Herwig"]
[Result "1/2-1/2"]
[WhiteElo "2541"]
[BlackElo "2334"]
[Annotator "CROATIE-AUTRICHE"]
[PlyCount "25"]
[EventDate "2000.11.28"]

1. Nf3 d5 2. d4 Nf6 3. c4 c6 4. Nc3 e6 5. Bg5 dxc4 6. e4 b5 7. e5 h6 8. Bh4 g5
9. Nxg5 hxg5 10. Bxg5 Nbd7 11. exf6 Bb7 12. Be2 Qb6 13. h4 1/2-1/2

[Event "Mitropa Cup"]
[Site "Charleville (Frankreich)"]
[Date "2000.11.28"]
[Round "4.3"]
[White "Kuba, Guenter"]
[Black "Sulava, Nenad"]
[Result "1-0"]
[WhiteElo "2260"]
[BlackElo "2549"]
[Annotator "AUTRICHE-CROATIE"]
[PlyCount "79"]
[EventDate "2000.11.28"]

1. e4 c5 2. Nf3 e6 3. g3 Nc6 4. Bg2 Nf6 5. Qe2 d6 6. O-O Be7 7. c3 O-O 8. Rd1
Bd7 9. Na3 Rc8 10. Nc2 a6 11. d4 cxd4 12. Ncxd4 Qc7 13. Nxc6 Bxc6 14. Nd4 Ba4
15. b3 Be8 16. c4 Qb8 17. Bb2 b5 18. Rac1 bxc4 19. Rxc4 Rxc4 20. Qxc4 Qb6 21.
Rc1 Ng4 22. Bf1 Bf6 23. h3 Nxf2 24. Kxf2 Bb5 25. Qb4 e5 26. a4 exd4 27. Bd3 d5
28. axb5 dxe4 29. Rc6 Qb8 30. Bxe4 Qe5 31. Bf3 axb5 32. Bc1 d3 33. Qe4 Qa1 34.
Qxd3 Rd8 35. Qxb5 h5 36. h4 g6 37. Qe2 Rb8 38. Qc2 Kh7 39. Rc7 Kg7 40. Kg2 1-0

[Event "Mitropa Cup"]
[Site "Charleville (Frankreich)"]
[Date "2000.11.28"]
[Round "4.4"]
[White "Golubovic, Boris"]
[Black "Fusi, Christoph"]
[Result "1-0"]
[WhiteElo "2466"]
[BlackElo "2275"]
[Annotator "CROATIE-AUTRICHE"]
[PlyCount "117"]
[EventDate "2000.11.28"]

1. d4 d5 2. c4 c6 3. cxd5 cxd5 4. Nf3 Nf6 5. Nc3 Nc6 6. Bf4 a6 7. Rc1 Bf5 8. e3
e6 9. Qb3 Bb4 10. Be2 O-O 11. O-O Nh5 12. Ne5 Nxf4 13. Nxc6 Nxe2+ 14. Nxe2 bxc6
15. Qxb4 Rb8 16. Qd2 Qb6 17. b3 f6 18. Rc5 e5 19. Rfc1 Bd7 20. h3 h6 21. Qa5
Qxa5 22. Rxa5 Rb6 23. Rd1 e4 24. Nc3 Ra8 25. Rc1 Kf7 26. Na4 Rbb8 27. h4 Ke7
28. f3 exf3 29. gxf3 Rb5 30. Rc5 Rxa5 31. Rxa5 g5 32. hxg5 hxg5 33. e4 dxe4 34.
fxe4 Kd6 35. Kf2 Kc7 36. Nc5 Bc8 37. Ke3 Ra7 38. b4 Kb6 39. Na4+ Kc7 40. a3 Be6
41. d5 cxd5 42. exd5 Bd7 43. Rc5+ Kd6 44. Nb6 Rb7 45. Nxd7 Rxd7 46. Kd4 Rc7 47.
Ra5 Rc1 48. Rxa6+ Ke7 49. Ra7+ Kd6 50. Ra6+ Ke7 51. Re6+ Kf7 52. b5 g4 53. Re3
Rb1 54. a4 Rb4+ 55. Kc5 Rxa4 56. b6 Ra8 57. b7 Rg8 58. d6 f5 59. d7 1-0

[Event "Mitropa Cup"]
[Site "Charleville (Frankreich)"]
[Date "2000.11.28"]
[Round "4.3"]
[White "Eliet, Nicolas"]
[Black "Gallagher, Joseph"]
[Result "1/2-1/2"]
[WhiteElo "2391"]
[BlackElo "2514"]
[Annotator "FRANCE-SUISSE"]
[PlyCount "78"]
[EventDate "2000.11.28"]

1. d4 Nf6 2. c4 g6 3. Nc3 Bg7 4. e4 d6 5. h3 O-O 6. Bg5 Na6 7. Bd3 e5 8. d5 Qe8
9. Nge2 Nd7 10. g4 Ndc5 11. Bc2 f5 12. exf5 gxf5 13. a3 e4 14. Be3 Nd3+ 15.
Bxd3 exd3 16. Nf4 fxg4 17. Nxd3 g3 18. Kd2 gxf2 19. Qe2 Bf5 20. Nxf2 Nc5 21.
Rag1 Bg6 22. h4 Nb3+ 23. Ke1 Nd4 24. Bxd4 Bxd4 25. Rg2 Kh8 26. h5 Bf5 27. Nb5
Qxe2+ 28. Kxe2 Bxf2 29. Rxf2 Bd3+ 30. Kxd3 Rxf2 31. Nxc7 Rc8 32. Nb5 Rxb2 33.
Nxa7 Rg8 34. Kc3 Rgg2 35. Nb5 Rgc2+ 36. Kd3 Rd2+ 37. Kc3 Rdc2+ 38. Kd3 Rd2+ 39.
Kc3 Rdc2+ 1/2-1/2

[Event "Mitropa Cup"]
[Site "Charleville (Frankreich)"]
[Date "2000.11.28"]
[Round "4.4"]
[White "Pelletier, Yannick"]
[Black "Degraeve, Jean-Marc"]
[Result "0-1"]
[WhiteElo "2474"]
[BlackElo "2540"]
[Annotator "SUISSE-FRANCE"]
[PlyCount "112"]
[EventDate "2000.11.28"]

1. Nf3 Nf6 2. c4 c5 3. Nc3 Nc6 4. d4 cxd4 5. Nxd4 g6 6. e4 d6 7. Be2 Bg7 8. Be3
O-O 9. O-O a6 10. Nb3 Be6 11. f3 Nd7 12. Qd2 a5 13. Na4 b6 14. Nd4 Nxd4 15.
Bxd4 Bxd4+ 16. Qxd4 Qc7 17. b3 Rfc8 18. f4 f6 19. Qd2 Kg7 20. Rfe1 Rd8 21. Rac1
Bf7 22. Bg4 Nc5 23. Nc3 e5 24. Qe3 exf4 25. Qd4 h5 26. Bh3 Qe7 27. Rcd1 Qe5 28.
Nb5 Be8 29. Nxd6 Bc6 30. Qxe5 fxe5 31. Rd2 Kf6 32. Red1 Ke7 33. g3 f3 34. g4
Bxe4 35. gxh5 gxh5 36. Nxe4 Nxe4 37. Rd7+ Rxd7 38. Rxd7+ Kf6 39. Kf1 Rf8 40.
Rd5 Rg8 41. a3 h4 42. Rd3 Kg5 43. Be6 Rg7 44. Bd5 Kf4 45. b4 axb4 46. axb4 Ra7
47. Bxe4 Kxe4 48. Rc3 Ra1+ 49. Kf2 Ra2+ 50. Kg1 Rg2+ 51. Kf1 Rxh2 52. c5 bxc5
53. bxc5 Kf4 54. c6 Kg3 55. Ke1 Re2+ 56. Kd1 h3 0-1

[Event "Mitropa Cup"]
[Site "Charleville (Frankreich)"]
[Date "2000.11.28"]
[Round "4.2"]
[White "Acs, Peter"]
[Black "Doettling, Fabian"]
[Result "0-1"]
[WhiteElo "2497"]
[BlackElo "2473"]
[Annotator "HONGRIE-ALLEMAGNE"]
[PlyCount "92"]
[EventDate "2000.11.28"]

1. e4 c6 2. d4 d5 3. exd5 cxd5 4. c4 Nf6 5. Nc3 e6 6. Nf3 Be7 7. cxd5 Nxd5 8.
Bd3 Nc6 9. O-O O-O 10. Re1 Nf6 11. a3 b6 12. Bg5 Bb7 13. Bc2 Nd5 14. Qd3 g6 15.
Bh6 Re8 16. Ba4 Rc8 17. Ne4 Nf6 18. Rac1 Qd5 19. Nc3 Qd6 20. Qd2 Red8 21. Rcd1
Qb8 22. h3 Na5 23. Qe2 Qa8 24. Ng5 Bd5 25. Nxd5 Qxd5 26. Nf3 Qc4 27. Bb5 Qxe2
28. Rxe2 Nd5 29. Ba6 Rc7 30. Ree1 Nc4 31. Rb1 Nd6 32. Rbc1 Nf5 33. Bd2 Bf6 34.
Bc3 Nxc3 35. bxc3 Rd5 36. Bf1 Ra5 37. Ne5 Bxe5 38. dxe5 Rxa3 39. c4 Ra5 40.
Rcd1 Ne7 41. f4 Nc6 42. g4 g5 43. f5 Rxe5 44. f6 Rxe1 45. Rxe1 Nb8 46. Rd1 Nd7
0-1

[Event "Mitropa Cup"]
[Site "Charleville (Frankreich)"]
[Date "2000.11.28"]
[Round "4.3"]
[White "Grund, Holger"]
[Black "Ruck, Robert"]
[Result "1/2-1/2"]
[WhiteElo "2475"]
[BlackElo "2489"]
[Annotator "ALLEMAGNE-HONGRIE"]
[PlyCount "44"]
[EventDate "2000.11.28"]

1. e4 c5 2. Nf3 d6 3. Bb5+ Nd7 4. d4 Ngf6 5. Nc3 cxd4 6. Qxd4 a6 7. Bxd7+ Bxd7
8. Bg5 Rc8 9. O-O-O h6 10. Bxf6 gxf6 11. Nd5 Rg8 12. Nh4 Qa5 13. Kb1 Qc5 14.
Qxc5 Rxc5 15. g3 Bg7 16. Rhe1 e6 17. Nb6 Bf8 18. Rd4 Kd8 19. Red1 Kc7 20. Nxd7
Kxd7 21. f4 Be7 22. Nf3 Rgc8 1/2-1/2

[Event "Mitropa Cup"]
[Site "Charleville (Frankreich)"]
[Date "2000.11.28"]
[Round "4.4"]
[White "Horvath, Adam"]
[Black "Handke, Florian"]
[Result "1/2-1/2"]
[WhiteElo "2425"]
[BlackElo "2455"]
[Annotator "HONGRIE-ALLEMAGNE"]
[PlyCount "143"]
[EventDate "2000.11.28"]

1. e4 c5 2. Nf3 Nc6 3. d4 cxd4 4. Nxd4 Nf6 5. Nc3 e5 6. Ndb5 d6 7. Bg5 a6 8.
Na3 b5 9. Bxf6 gxf6 10. Nd5 Bg7 11. Bd3 Ne7 12. Nxe7 Qxe7 13. O-O O-O 14. c3 f5
15. Nc2 Rb8 16. exf5 e4 17. Re1 Bxf5 18. Nb4 Qb7 19. Bc2 Be5 20. Nd5 Rbc8 21.
Bxe4 Bxe4 22. Rxe4 Rc5 23. Rxe5 dxe5 24. Nf6+ Kg7 25. Nd7 Rc6 26. Nxf8 Kxf8 27.
Qh5 Rg6 28. g3 Qe4 29. Rd1 h6 30. Rd8+ Kg7 31. Qd1 Rf6 32. Rd3 Qf5 33. Qe2 Re6
34. Kg2 e4 35. Rd4 a5 36. Qe3 Qe5 37. b3 Qf5 38. c4 bxc4 39. Rxc4 Re5 40. Rc6
f6 41. Rc7+ Kg6 42. h3 h5 43. Rc4 Re7 44. a3 Re6 45. Rc8 Rd6 46. Rc5 Rd5 47. b4
a4 48. Kh2 Qe5 49. h4 Rxc5 50. bxc5 Qd5 51. Qc1 Qc6 52. Qc4 Kf5 53. Qf7 Kg4 54.
Qg6+ Kf3 55. Qf5+ Ke2 56. Kg1 Ke1 57. Qxh5 Qb5 58. Qf5 Qf1+ 59. Kh2 e3 60. Qb1+
Kxf2 61. Qf5+ Ke1 62. Qb1+ Kf2 63. Qf5+ Ke1 64. Qe4 e2 65. c6 Qf2+ 66. Kh3 f5
67. Qb1+ Kd2 68. Qb2+ Ke3 69. Qe5+ Kd2 70. Qa5+ Kc1 71. c7 Qf1+ 72. Kh2 1/2-1/2

[Event "Mitropa Cup"]
[Site "Charleville (Frankreich)"]
[Date "2000.11.29"]
[Round "5.1"]
[White "Varga, Zoltan"]
[Black "Tratar, Marko"]
[Result "1-0"]
[WhiteElo "2541"]
[BlackElo "2410"]
[Annotator "HONGRIE-SLOVENIE"]
[PlyCount "33"]
[EventDate "2000.11.29"]

1. d4 Nf6 2. c4 d6 3. Nc3 e5 4. e4 Nbd7 5. f4 exd4 6. Qxd4 c6 7. Be2 Nc5 8. Bf3
g6 9. Be3 Be7 10. Nge2 O-O 11. h3 Ne8 12. O-O-O Qa5 13. g4 Bf6 14. Qd2 Qb4 15.
Nd4 Qxc4 16. Be2 Qb4 17. e5 1-0

[Event "Mitropa Cup"]
[Site "Charleville (Frankreich)"]
[Date "2000.11.29"]
[Round "5.3"]
[White "Ruck, Robert"]
[Black "Jelen, Igor"]
[Result "1-0"]
[WhiteElo "2489"]
[BlackElo "2429"]
[Annotator "HONGRIE-SLOVENIE"]
[PlyCount "89"]
[EventDate "2000.11.29"]

1. d4 Nf6 2. c4 g6 3. Nf3 Bg7 4. g3 O-O 5. Bg2 d5 6. cxd5 Nxd5 7. O-O Nb6 8.
Nc3 Nc6 9. d5 Na5 10. Qc2 c6 11. dxc6 Nxc6 12. Rd1 Bf5 13. e4 Bd7 14. Bh3 Qe8
15. Bxd7 Nxd7 16. Be3 Rc8 17. Rac1 b6 18. Qe2 Nde5 19. Nxe5 Nxe5 20. f4 Nc4 21.
Bf2 Bxc3 22. Rxc3 Nd6 23. e5 Qb5 24. Qxb5 Nxb5 25. Rxc8 Rxc8 26. a4 Nc7 27. Rc1
Kf8 28. a5 bxa5 29. Bxa7 Ke8 30. Bb6 Kd7 31. Bxa5 Nd5 32. Rxc8 Kxc8 33. Kg2 Kd7
34. Kf3 h5 35. Bd2 e6 36. g4 hxg4+ 37. Kxg4 Ke7 38. Kg5 Kf8 39. Kh6 Kg8 40. b4
Kf8 41. b5 Ke7 42. Kg7 Ke8 43. Ba5 Kd7 44. Kxf7 Nxf4 45. Bd2 1-0

[Event "Mitropa Cup"]
[Site "Charleville (Frankreich)"]
[Date "2000.11.29"]
[Round "5.4"]
[White "Kos, Toni"]
[Black "Horvath, Adam"]
[Result "0-1"]
[WhiteElo "2400"]
[BlackElo "2425"]
[Annotator "SLOVENIE-HONGRIE"]
[PlyCount "74"]
[EventDate "2000.11.29"]

1. e4 c5 2. Nf3 e6 3. c3 Nf6 4. e5 Nd5 5. g3 d6 6. exd6 Bxd6 7. Bg2 O-O 8. O-O
Nc6 9. d4 cxd4 10. Nxd4 Nxd4 11. Qxd4 Qc7 12. Nd2 b5 13. a4 bxa4 14. Qxa4 Bb7
15. c4 Nb6 16. Qc2 Bxg2 17. Kxg2 Rfc8 18. b3 Be5 19. Rb1 a5 20. Bb2 Nd7 21. Nf3
Qc6 22. Rfe1 Bxb2 23. Rxb2 a4 24. Re4 axb3 25. Qb1 Nc5 26. Re3 Ra4 27. Kg1 Qa6
28. Re1 h6 29. Ne5 Ra8 30. Qc1 Ra1 31. Rb1 Rxb1 32. Qxb1 Qa2 33. Qd1 b2 34. Kg2
Rb8 35. Qb1 Qxb1 36. Rxb1 Na4 37. Nd3 Rb3 0-1

[Event "Mitropa Cup"]
[Site "Charleville (Frankreich)"]
[Date "2000.11.29"]
[Round "5.1"]
[White "Jenni, Florian"]
[Black "Gustafsson, Jan"]
[Result "0-1"]
[WhiteElo "2440"]
[BlackElo "2506"]
[Annotator "SUISSE-ALLEMAGNE"]
[PlyCount "82"]
[EventDate "2000.11.29"]

1. e4 c5 2. Nf3 Nc6 3. c3 Nf6 4. e5 Nd5 5. Bc4 Nb6 6. Bb3 c4 7. Bc2 Qc7 8. Qe2
g5 9. Nxg5 Qxe5 10. d4 cxd3 11. Bxd3 Qxe2+ 12. Bxe2 Bg7 13. O-O d5 14. a4 O-O
15. a5 Nc4 16. a6 bxa6 17. Rd1 h6 18. Nf3 Nb6 19. Be3 e6 20. Nbd2 Rb8 21. Ra2
a5 22. Bb5 Bd7 23. Bc5 Rfd8 24. Bd6 Ra8 25. Bc7 Rdc8 26. Bg3 a6 27. Be2 a4 28.
Bd6 Na5 29. Ne5 Be8 30. f4 f6 31. Bb4 Nb3 32. Nd3 Bb5 33. Nxb3 axb3 34. Raa1
Nc4 35. Bf3 a5 36. Ba3 Ne3 37. f5 e5 38. Bc5 Nxd1 39. Bxd5+ Kh7 40. c4 Bxc4 41.
Bxc4 Nxb2 0-1

[Event "Mitropa Cup"]
[Site "Charleville (Frankreich)"]
[Date "2000.11.29"]
[Round "5.2"]
[White "Doettling, Fabian"]
[Black "Ekstroem, Roland"]
[Result "1/2-1/2"]
[WhiteElo "2473"]
[BlackElo "2487"]
[Annotator "ALLEMAGNE-SUISSE"]
[PlyCount "42"]
[EventDate "2000.11.29"]

1. d4 Nf6 2. Nf3 c5 3. d5 b5 4. Bg5 Bb7 5. Bxf6 exf6 6. e4 a6 7. a4 b4 8. Nbd2
d6 9. Bd3 Be7 10. O-O O-O 11. Nc4 Nd7 12. a5 f5 13. exf5 Bxd5 14. Be2 Bxc4 15.
Bxc4 Qc7 16. Bd5 Ra7 17. Nd2 Bf6 18. Nc4 Ne5 19. Nb6 Nd7 20. Nc4 Ne5 21. Nb6
Nd7 1/2-1/2

[Event "Mitropa Cup"]
[Site "Charleville (Frankreich)"]
[Date "2000.11.29"]
[Round "5.3"]
[White "Gallagher, Joseph"]
[Black "Grund, Holger"]
[Result "0-1"]
[WhiteElo "2514"]
[BlackElo "2475"]
[Annotator "SUISSE-ALLEMAGNE"]
[PlyCount "80"]
[EventDate "2000.11.29"]

1. e4 c6 2. d4 d5 3. Nc3 dxe4 4. Nxe4 Bf5 5. Ng3 Bg6 6. Bc4 e6 7. Nf3 Nd7 8.
O-O Ngf6 9. Re1 Be7 10. Nh4 O-O 11. c3 Nb6 12. Bb3 a5 13. a3 a4 14. Nxg6 hxg6
15. Bc2 c5 16. dxc5 Bxc5 17. Qf3 Nc4 18. h4 b5 19. Rb1 Ra7 20. Bg5 Rd7 21. h5
Nd2 22. Bxd2 Rxd2 23. Re2 Rxe2 24. Qxe2 gxh5 25. Nxh5 g6 26. Rd1 Qe7 27. Nf4
Rd8 28. Rxd8+ Qxd8 29. Bd3 Qd6 30. Nh3 e5 31. Bxb5 e4 32. Bxa4 e3 33. Bc2 exf2+
34. Nxf2 Qf4 35. Qf3 Qc1+ 36. Bd1 Ne4 37. Kh2 Nxf2 38. Bb3 Qh6+ 39. Kg3 Nh1+
40. Kg4 Qh5+ 0-1

[Event "Mitropa Cup"]
[Site "Charleville (Frankreich)"]
[Date "2000.11.29"]
[Round "5.4"]
[White "Handke, Florian"]
[Black "Zueger, Beat"]
[Result "0-1"]
[WhiteElo "2455"]
[BlackElo "2416"]
[Annotator "ALLEMAGNE-SUISSE"]
[PlyCount "74"]
[EventDate "2000.11.29"]

1. d4 Nf6 2. c4 g6 3. Nc3 Bg7 4. e4 d6 5. Be2 O-O 6. Nf3 Bg4 7. Be3 Nfd7 8. d5
Na6 9. Nd4 Bxe2 10. Qxe2 Nac5 11. O-O a5 12. f4 e5 13. dxe6 fxe6 14. Ndb5 Na6
15. Rad1 Qe7 16. Qg4 Rf7 17. Qh3 Raf8 18. Bc1 Ndc5 19. Kh1 Rd8 20. Nd4 Bxd4 21.
Rxd4 e5 22. Rdd1 exf4 23. Nd5 Qe6 24. Qh6 Nxe4 25. Rde1 Nac5 26. Kg1 Rdf8 27.
Bd2 c6 28. Nxf4 Qxc4 29. Be3 g5 30. b3 Qc3 31. Bxc5 Qxc5+ 32. Kh1 Rxf4 33. Rxf4
Rxf4 34. Qe6+ Kg7 35. Qe7+ Kg6 36. g3 Nf2+ 37. Kg1 Re4 0-1

[Event "Mitropa Cup"]
[Site "Charleville (Frankreich)"]
[Date "2000.11.29"]
[Round "5.1"]
[White "Kozul, Zdenko"]
[Black "Hauchard, Arnaud"]
[Result "1-0"]
[WhiteElo "2611"]
[BlackElo "2539"]
[Annotator "CROATIE-FRANCE"]
[PlyCount "89"]
[EventDate "2000.11.29"]

1. d4 Nf6 2. Nf3 d5 3. c4 c6 4. e3 Bf5 5. Nc3 e6 6. Nh4 Be4 7. Qb3 Qb6 8. c5
Qc7 9. f3 Bg6 10. Qa4 Be7 11. Nxg6 hxg6 12. f4 Nh5 13. Rg1 g5 14. g4 Nf6 15.
Qc2 Nbd7 16. h3 gxf4 17. exf4 b6 18. g5 Nh5 19. f5 bxc5 20. g6 e5 21. gxf7+ Kf8
22. dxc5 Bxc5 23. Rg6 Ndf6 24. Bd2 Bd6 25. Rc1 Qxf7 26. Qa4 Qe8 27. Ne2 c5 28.
Qa6 Qe7 29. Nc3 e4 30. Nxd5 Nxd5 31. Rxd6 e3 32. Rxd5 Nf6 33. Bb4 cxb4 34. Rc8+
Rxc8 35. Qxc8+ Kf7 36. Qxh8 Nxd5 37. Qh5+ Kf8 38. Qh8+ Kf7 39. Bc4 Qe4 40. Qc8
Qh1+ 41. Ke2 Qg2+ 42. Kd3 e2 43. Qe6+ Kf8 44. Qd6+ Ke8 45. Bb5+ 1-0

[Event "Mitropa Cup"]
[Site "Charleville (Frankreich)"]
[Date "2000.11.29"]
[Round "5.3"]
[White "Golubovic, Boris"]
[Black "Eliet, Nicolas"]
[Result "1/2-1/2"]
[WhiteElo "2466"]
[BlackElo "2391"]
[Annotator "CROATIE-FRANCE"]
[PlyCount "68"]
[EventDate "2000.11.29"]

1. d4 d5 2. c4 c6 3. cxd5 cxd5 4. Nf3 Nf6 5. Nc3 Nc6 6. Bf4 a6 7. Rc1 Bf5 8. e3
e6 9. Qb3 Ra7 10. Be2 Be7 11. Ne5 Nxe5 12. Bxe5 O-O 13. O-O Nd7 14. Bg3 b5 15.
a4 b4 16. Nb1 Qb6 17. Nd2 Nf6 18. Qa2 Ne4 19. a5 Qd8 20. Nxe4 Bxe4 21. Rc6 b3
22. Qxb3 Qxa5 23. Bb8 Ra8 24. Bc7 Qb4 25. Qxb4 Bxb4 26. Bxa6 Ra7 27. f3 Bg6 28.
Bd6 Bxd6 29. Rxd6 Rb8 30. Rc1 Kf8 31. Rc8+ Rxc8 32. Bxc8 Rc7 33. Ba6 Rc1+ 34.
Kf2 Rc2+ 1/2-1/2

[Event "Mitropa Cup"]
[Site "Charleville (Frankreich)"]
[Date "2000.11.29"]
[Round "5.4"]
[White "Degraeve, Jean-Marc"]
[Black "Kovacevic, Vlatko"]
[Result "1/2-1/2"]
[WhiteElo "2540"]
[BlackElo "2492"]
[Annotator "FRANCE-CROATIE"]
[PlyCount "109"]
[EventDate "2000.11.29"]

1. e4 e6 2. d4 d5 3. Nc3 Nc6 4. Nf3 Nf6 5. e5 Ne4 6. Ne2 Bd7 7. Ng3 f5 8. exf6
Nxf6 9. Bd3 Bd6 10. O-O O-O 11. Re1 h6 12. c3 Ne7 13. Ne5 c5 14. Nh5 cxd4 15.
cxd4 Bxe5 16. Rxe5 Nc6 17. Re1 Nxh5 18. Qxh5 Qf6 19. Be3 Nxd4 20. Rad1 Nf5 21.
Bxf5 Qxf5 22. Qe2 a6 23. Bd4 Rac8 24. Bc3 Rc4 25. f3 Qg6 26. Kh1 Kh7 27. Rd2
Rf5 28. Rd4 Rxd4 29. Bxd4 Rf8 30. h3 Rc8 31. Qe3 Rc2 32. Re2 Rxe2 33. Qxe2 Bb5
34. Qe1 h5 35. Kh2 Qg5 36. Qg3 Qxg3+ 37. Kxg3 g5 38. h4 Kg6 39. hxg5 Kxg5 40.
Kf2 Kf5 41. g3 e5 42. Bb6 Ke6 43. a3 Ba4 44. Ba7 Bd1 45. Bb6 Kd6 46. Ba7 Kc7
47. Be3 d4 48. Bh6 Kd6 49. Bg7 Kd5 50. Bh8 b5 51. Bg7 a5 52. Bh8 b4 53. axb4
axb4 54. Bg7 b3 55. Bh8 1/2-1/2

[Event "Mitropa Cup"]
[Site "Charleville (Frankreich)"]
[Date "2000.11.29"]
[Round "5.1"]
[White "Plachetka, Jan"]
[Black "Balinov, Ilija"]
[Result "0-1"]
[WhiteElo "2373"]
[BlackElo "2453"]
[Annotator "SLOVAQUIE-AUTRICHE"]
[PlyCount "152"]
[EventDate "2000.11.29"]

1. d4 f5 2. g3 Nf6 3. Bg2 g6 4. b3 Bg7 5. Bb2 O-O 6. Nd2 d6 7. Ngf3 Qe8 8. O-O
Nc6 9. Nc4 e6 10. a4 h6 11. Ne1 g5 12. Nd3 Qg6 13. e3 Bd7 14. b4 Rae8 15. b5
Nd8 16. Na5 b6 17. Nc6 Bxc6 18. bxc6 Ne4 19. Nb4 a5 20. Na6 Re7 21. Nb8 Nf6 22.
Qe2 Nf7 23. Nd7 Nxd7 24. cxd7 Rxd7 25. c4 g4 26. f4 gxf3 27. Bxf3 Ng5 28. Bh5
Qf6 29. Rab1 Ne4 30. Bf3 Ng5 31. Bg2 Qg6 32. c5 Rb8 33. cxb6 cxb6 34. Ba3 d5
35. Rfc1 Bf8 36. Bxf8 Kxf8 37. Rc6 Qe8 38. Rcxb6 Rxb6 39. Rxb6 Rc7 40. h4 Nf7
41. Qa6 Nd8 42. Rb8 Ke7 43. Qxa5 Rc1+ 44. Kh2 Qd7 45. Qb4+ Kf6 46. a5 Ra1 47.
Qb6 Nf7 48. Rb7 Qc8 49. Rc7 Qa8 50. Qc5 Qd8 51. Qa7 Qg8 52. a6 Nd6 53. Rc6 f4
54. exf4 Ra3 55. Qc7 Qxg3+ 56. Kh1 Qe1+ 57. Kh2 Qxh4+ 58. Kg1 Qe1+ 59. Kh2 Qg3+
60. Kh1 Qh4+ 61. Kg1 Qxf4 62. Rc1 Qxd4+ 63. Kh1 Qh4+ 64. Kg1 Qd4+ 65. Kh1 Nf5
66. Qd8+ Kg6 67. Qe8+ Kg5 68. Qd8+ Qf6 69. Qd7 Qg7 70. Qd8+ Qe7 71. Qg8+ Kf6
72. Qh8+ Qg7 73. Qd8+ Kg6 74. Qe8+ Qf7 75. Qb8 Rxa6 76. Rc7 Qf6 0-1

[Event "Mitropa Cup"]
[Site "Charleville (Frankreich)"]
[Date "2000.11.29"]
[Round "5.2"]
[White "Pilaj, Herwig"]
[Black "Likavsky, Tomas"]
[Result "0-1"]
[WhiteElo "2334"]
[BlackElo "2409"]
[Annotator "AUTRICHE-SLOVAQUIE"]
[PlyCount "104"]
[EventDate "2000.11.29"]

1. e4 e6 2. d3 d5 3. Qe2 Nf6 4. Nf3 b6 5. e5 Nfd7 6. g3 c5 7. Bg2 Nc6 8. O-O
Bb7 9. Bf4 Nd4 10. Nxd4 cxd4 11. c3 dxc3 12. Nxc3 a6 13. a4 Bb4 14. Qg4 Bf8 15.
d4 h5 16. Qe2 Nb8 17. Be3 Nc6 18. f4 g6 19. h3 Na5 20. Rad1 Qe7 21. Qf2 O-O-O
22. Rc1 Kb8 23. Rc2 Qb4 24. Bd2 Qb3 25. Rfc1 Nc4 26. Bf1 Nxd2 27. Rxd2 Be7 28.
Rd3 Qb4 29. b3 Rc8 30. Qb2 Qa3 31. Qxa3 Bxa3 32. Rb1 Be7 33. Kf2 Rc7 34. Nd1
Rc2+ 35. Be2 Rhc8 36. Rb2 Rxb2 37. Nxb2 a5 38. Nd1 Rc2 39. Rc3 Ra2 40. Ne3 Bb4
41. Rc2 Ra3 42. Bb5 Rxb3 43. Be8 Bc3 44. Rxc3 Rxc3 45. Bxf7 b5 46. Bxg6 bxa4
47. Bb1 Rb3 48. Bc2 Rb2 49. g4 hxg4 50. hxg4 a3 51. g5 Bc6 52. f5 exf5 0-1

[Event "Mitropa Cup"]
[Site "Charleville (Frankreich)"]
[Date "2000.11.29"]
[Round "5.3"]
[White "Balogh, Tomas"]
[Black "Kuba, Guenter"]
[Result "1/2-1/2"]
[WhiteElo "2421"]
[BlackElo "2260"]
[Annotator "SLOVAQUIE-AUTRICHE"]
[PlyCount "45"]
[EventDate "2000.11.29"]

1. d4 d5 2. c4 e6 3. Nc3 Nf6 4. cxd5 exd5 5. Bg5 Be7 6. e3 O-O 7. Bd3 h6 8. Bh4
b6 9. Nf3 Bb7 10. Qc2 Nbd7 11. O-O Re8 12. Rfd1 Ne4 13. Bxe7 Qxe7 14. Rac1 Ndf6
15. Ne5 Nxc3 16. Qxc3 c5 17. Bb1 Rac8 18. Qd3 c4 19. Qf5 Qd6 20. f3 Rc7 21. Ng4
Kf8 22. Nxf6 Qxf6 23. Qxf6 1/2-1/2

[Event "Mitropa Cup"]
[Site "Charleville (Frankreich)"]
[Date "2000.11.29"]
[Round "5.4"]
[White "Pingitzer, Harald"]
[Black "Pinter, Erik"]
[Result "1-0"]
[WhiteElo "2278"]
[BlackElo "2238"]
[Annotator "AUTRICHE-SLOVAQUIE"]
[PlyCount "93"]
[EventDate "2000.11.29"]

1. Nf3 Nf6 2. d4 g6 3. g3 Bg7 4. Bg2 O-O 5. O-O d6 6. b3 c5 7. Bb2 Bf5 8. c4
Nc6 9. d5 Nb4 10. Nfd2 Bd7 11. Nc3 Rb8 12. h3 Qa5 13. a3 Na6 14. e4 b5 15. cxb5
Bxb5 16. Nxb5 Qxb5 17. Re1 Bh6 18. Bf1 Qb7 19. Nc4 Bg7 20. Na5 Qb6 21. Nc6 Rbe8
22. e5 dxe5 23. Nxe5 Nc7 24. Rc1 Ncxd5 25. g4 Rd8 26. Qf3 e6 27. Nc4 Qb7 28.
Bg2 h6 29. Bxf6 Bxf6 30. Qxf6 Qxb3 31. Qf3 Qxf3 32. Bxf3 Nf4 33. Re3 Nxh3+ 34.
Kf1 Rd4 35. Ne5 Rd2 36. Re2 Rfd8 37. Rxc5 Rd1+ 38. Re1 R1d2 39. Be2 Ra2 40. Rc3
Nf4 41. Bc4 Rb2 42. Nd3 Nxd3 43. Bxd3 Rd4 44. Re4 Rd5 45. Rb4 Ra2 46. Rb7 h5
47. Bxg6 1-0

[Event "Mitropa Cup"]
[Site "Charleville (Frankreich)"]
[Date "2000.11.29"]
[Round "5.1"]
[White "Kalod, Radek"]
[Black "Arlandi, Ennio"]
[Result "1-0"]
[WhiteElo "2483"]
[BlackElo "2437"]
[Annotator "REPUBLIQUE TCHEQUE-ITALIE"]
[PlyCount "48"]
[EventDate "2000.11.29"]

1. e4 c5 2. Nf3 e6 3. d4 cxd4 4. Nxd4 Nf6 5. Nc3 d6 6. g4 h6 7. h3 Nc6 8. Be3
a6 9. Bg2 Qc7 10. Qe2 Bd7 11. O-O-O Ne5 12. f4 Nc4 13. Kb1 Rc8 14. Rd3 b5 15.
a3 Qb8 16. Bc1 a5 17. Re1 Be7 18. e5 dxe5 19. fxe5 Nh7 20. Nf5 Bc6 21. Nxg7+
Kf8 22. Nxe6+ Kg8 23. Bxc6 Rxc6 24. Nd4 Rc5 1-0

[Event "Mitropa Cup"]
[Site "Charleville (Frankreich)"]
[Date "2000.11.29"]
[Round "5.3"]
[White "Vavra, Pavel"]
[Black "Borgo, Giulio"]
[Result "1-0"]
[WhiteElo "2393"]
[BlackElo "2391"]
[Annotator "REPUBLIQUE TCHEQUE-ITALIE"]
[PlyCount "59"]
[EventDate "2000.11.29"]

1. e4 c5 2. Nf3 e6 3. d3 b6 4. g3 Bb7 5. Bg2 Nf6 6. O-O Be7 7. e5 Nd5 8. Nh4
Qc7 9. c4 Nb4 10. Nf3 d6 11. a3 N4c6 12. exd6 Qxd6 13. Bf4 Qd7 14. Nc3 O-O 15.
Qa4 Rd8 16. Rfd1 Bf6 17. Rab1 Nd4 18. Nxd4 Bxd4 19. Qxd7 Rxd7 20. Ne4 a5 21. b4
cxb4 22. axb4 a4 23. Be3 a3 24. Bxd4 Rxd4 25. Rb3 Nd7 26. Ra1 a2 27. Nc3 Rxd3
28. Bxb7 Ra7 29. Be4 Rd4 30. Nb5 1-0